000 00669nam a2200217Ii 4500
003 JO-AjNU
008 230606s9999||||xx |||||||||||||| ||und||
020 _a978-1-84553-426-4
040 _aJO-AjNU
_beng
_erda
_cJO-AjNU
041 _aeng
050 1 4 _aP121.M344 2011
100 3 _aMccabe,Anne تأليف,
_eauthor
_92515
245 0 3 _aAn Introduction To Linguistics And Language Studies
250 _a1 ed
264 3 1 _aLondon:Equinox Publishing Ltd,2011
300 _a405p
336 _atext
_btxt
_2rdacontent
337 _aunmediated
_bn
_2rdamedia
338 _avolume
_bnc
_2rdacarrier
650 4 _aAn Introduction To Linguistics And Language Studies
_92516
999 _aE1316
_c1316
_d1316